000
00340nam a22001577a 4500
005
20160629120920.0
008
160629b xxu||||| |||| 00| 0 eng d
041
_a
eng
082
_b
11017
100
_a
Das, Jivan Anand
_9
3157
245
_a
Jharapalak
260
_b
New Street
300
_a
96
650
_a
Management
_9
241
942
_c
BK
999
_c
4625
_d
4623